[Event "Ljubljana-chT 71st"]
[Site "Ljubljana"]
[Date "2018.01.18"]
[Round "2.3"]
[White "Racnik, Tone"]
[Black "Kremzer, Zdravko"]
[Result "1-0"]
[WhiteElo "2003"]
[BlackElo "1709"]
[PlyCount "79"]
[EventDate "2018.01.11"]
[EventType "team-tourn"]
[EventRounds "9"]
[EventCountry "SLO"]
[SourceTitle "EXT 2020"]
[Source "ChessBase"]
[SourceDate "2019.10.17"]
[SourceVersion "1"]
[SourceVersionDate "2019.10.17"]
[SourceQuality "1"]
[WhiteTeam "Vrhnika"]
[BlackTeam "Bor Dob"]
[WhiteTeamCountry "SLO"]
[BlackTeamCountry "SLO"]

1. e4 e6 2. d4 d5 3. e5 c5 4. c3 Nc6 5. Nf3 cxd4 6. cxd4 Qb6 7. Nc3 a6 8. Bd3 Bd7 9. Bb1 Na5 10. 0-0 Ne7 11. Bc2 Qa7 12. b3 b5 13. Ba3 Nb7 14. Ne2 Qb6 15. Nf4 b4 16. Bb2 Rc8 17. Rc1 g6 18. g4 Bh6 19. g5 Bg7 20. Kg2 Bc6 21. h4 h5 22. Nh2 Rc7 23. Re1 Qa5 24. Ra1 Qb6 25. Nf1 Kd7 26. Ng3 Bb5 27. a4 bxa3 28. Bxa3 Rhc8 29. Bd3 Bxd3 30. Nxd3 Nc6 31. Bc5 Qb5 32. Ne2 Nba5 33. b4 Nc4 34. Nc3 Qb7 35. Bd6 Ke8 36. Bxc7 Qxc7 37. Ne2 Bf8 38. Rxa6 Nxb4 39. Nxb4 Bxb4 40. Qa4+ 1-0

[Event "SLO-chT 27th"]
[Site "Slovenia"]
[Date "2017.12.09"]
[Round "8.5"]
[White "Racnik, Tone"]
[Black "Mohr, Georg"]
[Result "0-1"]
[WhiteElo "2021"]
[BlackElo "2468"]
[PlyCount "70"]
[EventDate "2017.09.29"]
[EventType "team-tourn"]
[EventRounds "9"]
[EventCountry "SLO"]
[SourceTitle "EXT 2019"]
[Source "ChessBase"]
[SourceDate "2018.10.10"]
[SourceVersion "1"]
[SourceVersionDate "2018.10.10"]
[SourceQuality "1"]
[WhiteTeam "Vrhnika"]
[BlackTeam "Maribor"]
[WhiteTeamCountry "SLO"]
[BlackTeamCountry "SLO"]

1. e4 Nc6 2. d4 e6 3. Nf3 d5 4. e5 f6 5. Bb5 Bd7 6. Qe2 a6 7. Bxc6 bxc6 8. exf6 gxf6 9. c4 Ne7 10. Nc3 Bg7 11. 0-0 0-0 12. Bf4 Re8 13. Rad1 Nf5 14. cxd5 cxd5 15. Qd2 Ne7 16. Rfe1 Ng6 17. Bh6 c6 18. h4 Qc7 19. h5 Bxh6 20. Qxh6 Qf4 21. Qxf4 Nxf4 22. h6 Kf7 23. Na4 Ke7 24. Nh4 Kd6 25. g3 Rg8 26. Kh2 Ng6 27. Nf3 Rab8 28. b3 e5 29. dxe5+ Nxe5 30. Nxe5 fxe5 31. Nc3 Bg4 32. Rd3 Rbf8 33. Kg1 Rg6 34. Ne4+ Kc7 35. Nc5 e4 0-1

[Event "SLO-chT 27th"]
[Site "Slovenia"]
[Date "2017.10.22"]
[Round "6.3"]
[White "Racnik, Tone"]
[Black "Rozman, Monika"]
[Result "0-1"]
[WhiteElo "2021"]
[BlackElo "2194"]
[PlyCount "70"]
[EventDate "2017.09.29"]
[EventType "team-tourn"]
[EventRounds "9"]
[EventCountry "SLO"]
[SourceTitle "CBM 181 Extra"]
[Source "ChessBase"]
[SourceDate "2017.12.12"]
[SourceVersion "1"]
[SourceVersionDate "2017.12.12"]
[SourceQuality "1"]
[WhiteTeam "Vrhnika"]
[BlackTeam "Prevodi Dvojka"]
[WhiteTeamCountry "SLO"]
[BlackTeamCountry "SLO"]

1. e4 c5 2. c4 Nc6 3. g3 g6 4. Bg2 Bg7 5. Nc3 e6 6. Nge2 d6 7. d3 Nge7 8. Be3 Nd4 9. Bxd4 cxd4 10. Nb5 e5 11. Qa4 Nc6 12. 0-0 a6 13. Na3 0-0 14. h3 Bd7 15. Qb3 Qe7 16. f4 Rfb8 17. f5 b5 18. Qd1 Na5 19. Qd2 bxc4 20. Qxa5 cxd3 21. Nc1 Qg5 22. Kh2 d2 23. Nb3 gxf5 24. Qxd2 f4 25. gxf4 exf4 26. Rf3 Bc6 27. Rd3 Qe5 28. Nc4 Qe6 29. Nxd4 Qxc4 30. Rc1 Qxa2 31. Rxc6 Bxd4 32. Qc2 Be5 33. Kh1 Rxb2 34. Rc8+ Kg7 35. Qxb2 Qxb2 0-1

[Event "Liberec op 17th"]
[Site "Liberec"]
[Date "2017.02.28"]
[Round "5"]
[White "Racnik, Tone"]
[Black "Grigoryan, Karen"]
[Result "0-1"]
[WhiteElo "2058"]
[BlackElo "2316"]
[PlyCount "58"]
[EventDate "2017.02.25"]
[EventType "swiss"]
[EventRounds "9"]
[EventCountry "CZE"]
[SourceTitle "CBM 177 Extra"]
[Source "ChessBase"]
[SourceDate "2017.04.27"]
[SourceVersion "1"]
[SourceVersionDate "2017.04.27"]
[SourceQuality "1"]

1. e4 c5 2. c4 Nc6 3. g3 g6 4. Bg2 Bg7 5. Nc3 e6 6. Nge2 Nge7 7. d3 d6 8. 0-0 0-0 9. Bf4 h6 10. Qd2 Kh7 11. Rab1 b6 12. b3 Bb7 13. Be3 Nd4 14. f4 Qd7 15. Bxd4 cxd4 16. Nd1 f5 17. Nf2 Rae8 18. b4 e5 19. c5 bxc5 20. bxc5 dxc5 21. exf5 Bxg2 22. fxg6+ Nxg6 23. Kxg2 exf4 24. Nxf4 Nxf4+ 25. gxf4 Qd5+ 26. Kg1 Rg8 27. Ne4 Rxe4 28. dxe4 Bf6+ 29. Kf2 Qxe4 0-1

[Event "Nova Gorica op 22nd"]
[Site "Nova Gorica"]
[Date "2017.02.02"]
[Round "9"]
[White "Kersic, Matej"]
[Black "Racnik, Tone"]
[Result "1-0"]
[WhiteElo "2174"]
[BlackElo "2058"]
[PlyCount "57"]
[EventDate "2017.01.27"]
[EventType "swiss"]
[EventRounds "9"]
[EventCountry "SLO"]
[SourceTitle "CBM 176 Extra"]
[Source "ChessBase"]
[SourceDate "2017.03.02"]
[SourceVersion "1"]
[SourceVersionDate "2017.03.02"]
[SourceQuality "1"]

1. e4 e6 2. d4 d5 3. Nc3 Bb4 4. e5 c5 5. Bd2 Ne7 6. Nf3 Bd7 7. Nb5 Bxb5 8. Bxb5+ Nbc6 9. c3 Ba5 10. dxc5 0-0 11. Bg5 f6 12. exf6 gxf6 13. Bd2 Ng6 14. 0-0 Qe7 15. b4 Bc7 16. Bh6 Rf7 17. Re1 Rd8 18. Bxc6 bxc6 19. Nd4 Rc8 20. Nxe6 Be5 21. Nd4 Qc7 22. g3 f5 23. f4 Bf6 24. Qd3 Qd7 25. Re3 Ne7 26. Rae1 Ra8 27. a4 a6 28. Re6 Rc8 29. Qxa6 1-0

[Event "Nova Gorica op 22nd"]
[Site "Nova Gorica"]
[Date "2017.02.01"]
[Round "8"]
[White "Racnik, Tone"]
[Black "Dusak, Aljaz"]
[Result "1-0"]
[WhiteElo "2058"]
[BlackElo "2004"]
[PlyCount "148"]
[EventDate "2017.01.27"]
[EventType "swiss"]
[EventRounds "9"]
[EventCountry "SLO"]
[SourceTitle "CBM 176 Extra"]
[Source "ChessBase"]
[SourceDate "2017.03.02"]
[SourceVersion "1"]
[SourceVersionDate "2017.03.02"]
[SourceQuality "1"]

1. e4 d6 2. d4 g6 3. Nc3 Bg7 4. Be3 Nf6 5. f3 0-0 6. Qd2 e5 7. Nge2 Nc6 8. d5 Ne7 9. 0-0-0 Bd7 10. g4 b5 11. Ng3 b4 12. Nb1 a5 13. h4 Ne8 14. h5 f5 15. gxf5 gxf5 16. h6 Bf6 17. exf5 Nxf5 18. Nxf5 Bxf5 19. Bd3 Qd7 20. Be4 Kf7 21. Qd3 Bg6 22. Rdg1 Rg8 23. Bxg6+ Rxg6 24. Rxg6 hxg6 25. Rg1 Qf5 26. Qxf5 gxf5 27. Bg5 Bh8 28. Nd2 Nf6 29. Bxf6 Bxf6 30. Nc4 f4 31. Nd2 a4 32. Ne4 Rh8 33. Rh1 Rh7 34. Kd2 Ke7 35. c3 b3 36. axb3 axb3 37. c4 Bg7 38. Kc3 Rxh6 39. Rxh6 Bxh6 40. Kxb3 Kd7 41. Kb4 c5+ 42. Kb5 Kc7 43. b4 cxb4 44. Kxb4 Bf8 45. Kb5 Be7 46. Kb4 Kb6 47. Kc3 Kc7 48. Kd3 Kb6 49. Kc3 Kc7 50. Nd2 Bh4 51. Kd3 Bf2 52. Ke4 Be1 53. Nb3 Bb4 54. Kf5 Kd7 55. Nc1 Ba3 56. Nd3 Ke7 57. Nf2 Bc5 58. Ne4 Bb4 59. Ng5 Ba3 60. Ne6 Bb4 61. Nc7 Bc5 62. Na6 Ba3 63. Nc7 Kd7 64. Ne6 Ke7 65. c5 Bxc5 66. Nxc5 dxc5 67. Kxe5 Kd7 68. d6 c4 69. Kd4 c3 70. Kxc3 Kxd6 71. Kd4 Ke6 72. Ke4 Kf6 73. Kxf4 Ke6 74. Kg5 Kf7 1-0

[Event "Nova Gorica op 22nd"]
[Site "Nova Gorica"]
[Date "2017.01.30"]
[Round "6"]
[White "Racnik, Tone"]
[Black "Markocic, Tine"]
[Result "0-1"]
[WhiteElo "2058"]
[BlackElo "1954"]
[PlyCount "52"]
[EventDate "2017.01.27"]
[EventType "swiss"]
[EventRounds "9"]
[EventCountry "SLO"]
[SourceTitle "CBM 176 Extra"]
[Source "ChessBase"]
[SourceDate "2017.03.02"]
[SourceVersion "1"]
[SourceVersionDate "2017.03.02"]
[SourceQuality "1"]

1. e4 c5 2. c4 e6 3. g3 b6 4. Bg2 Bb7 5. Nc3 Nf6 6. Nge2 d6 7. d4 cxd4 8. Nxd4 Nbd7 9. 0-0 a6 10. Re1 Qc7 11. Bf1 Be7 12. Bd2 0-0 13. Rc1 Rac8 14. Rc2 Qb8 15. f3 Qa8 16. Be3 Rfd8 17. Bf2 Bf8 18. b3 g6 19. Qd2 Qb8 20. h3 d5 21. cxd5 exd5 22. exd5 Nxd5 23. Nxd5 Bxd5 24. Rxc8 Qxc8 25. Qg5 Nc5 26. Nf5 Qxf5 0-1

[Event "Nova Gorica op 22nd"]
[Site "Nova Gorica"]
[Date "2017.01.28"]
[Round "2"]
[White "Racnik, Tone"]
[Black "Burmakin, Vladimir"]
[Result "0-1"]
[WhiteElo "2058"]
[BlackElo "2526"]
[PlyCount "80"]
[EventDate "2017.01.27"]
[EventType "swiss"]
[EventRounds "9"]
[EventCountry "SLO"]
[SourceTitle "CBM 176 Extra"]
[Source "ChessBase"]
[SourceDate "2017.03.02"]
[SourceVersion "1"]
[SourceVersionDate "2017.03.02"]
[SourceQuality "1"]

1. e4 c6 2. d4 d5 3. e5 Bf5 4. Ne2 e6 5. Ng3 Bg6 6. h4 h6 7. Bd3 Bxd3 8. Qxd3 c5 9. c3 Nc6 10. a3 Qb6 11. Ne2 Qa6 12. Qxa6 bxa6 13. b4 cxd4 14. cxd4 Nge7 15. Nd2 Nc8 16. Nb3 Nb6 17. Nc5 a5 18. Bd2 Nc4 19. Bc3 Nxa3 20. Rxa3 axb4 21. Bxb4 Nxb4 22. Kd2 Bxc5 23. dxc5 Nc6 24. f4 Rb8 25. Rc1 Rb4 26. Rcc3 Ke7 27. Rcb3 Rhb8 28. Rxb4 Rxb4 29. g3 Kd7 30. Nc1 Rb2+ 31. Ke3 Rc2 32. Nd3 d4+ 33. Kf3 Rc3 34. Rxc3 dxc3 35. Ke3 a5 36. Nc1 Nb4 37. Kd4 c2 38. Kc4 Kc6 39. Ne2 h5 40. Nd4+ Kc7 0-1

[Event "Ljubljana-chT 70th 1st League"]
[Site "Ljubljana"]
[Date "2017.01.12"]
[Round "1.1"]
[White "Racnik, Tone"]
[Black "Marn, Jan"]
[Result "0-1"]
[WhiteElo "2058"]
[BlackElo "2022"]
[PlyCount "58"]
[EventDate "2017.01.12"]
[EventType "team-swiss"]
[EventRounds "9"]
[EventCountry "SLO"]
[SourceTitle "EXT 2022"]
[Source "ChessBase"]
[SourceDate "2021.10.06"]
[SourceVersion "1"]
[SourceVersionDate "2021.10.06"]
[SourceQuality "1"]
[WhiteTeam "Vrhnika II"]
[BlackTeam "Komenda Pogi"]
[WhiteTeamCountry "SLO"]
[BlackTeamCountry "SLO"]

1. e4 e5 2. Nf3 Nc6 3. d4 exd4 4. Bc4 Bc5 5. c3 Nf6 6. e5 d5 7. Bb5 Ne4 8. cxd4 Bb6 9. 0-0 0-0 10. Bxc6 bxc6 11. Nc3 Bg4 12. Qd3 Nxc3 13. bxc3 f6 14. exf6 Qxf6 15. Ne5 Bf5 16. Qg3 h6 17. Be3 Rae8 18. Rac1 Ba5 19. c4 Kh8 20. cxd5 cxd5 21. Rc6 Qe7 22. Bxh6 Kh7 23. Bg5 Qb4 24. Qh4+ Kg8 25. Be3 Rxe5 26. Qg5 Ree8 27. g4 Bd3 28. Qxd5+ Rf7 29. g5 Be4 0-1